[Event "DVM U16 2020"]
[Site "Willingen GER"]
[Date "2021.06.24"]
[Round "2"]
[White "Nakhle, Fabrice"]
[Black "Schubert, Nikita"]
[Result "0-1"]
[Termination "normal"]
[Board "4.3"]
[WhiteElo "1254"]
[BlackElo "1917"]
[WhiteClock "00:17:33"]
[BlackClock "00:25:17"]
[WhiteTeam "Erfurter Schachklub"]
[BlackTeam "ESV Gera"]
[PlyCount "52"]
[WhiteFideId "34606009"]
[BlackFideId "16212339"]
[EventCountry "GER"]
[EventRounds "7"]
[EventType "team-swiss"]
[EventDate "2021.06.23"]

1. e4 {[%clk 1:30:57]} 1... e5 {[%clk 1:30:53]} 2. Nf3 {[%clk 1:31:14]} 2...
Nc6 {[%clk 1:31:18]} 3. Bb5 {[%clk 1:30:48]} 3... a6 {[%clk 1:31:33]} 4. Ba4
4... Nf6 {[%clk 1:31:08]} 5. Nc3 {[%clk 1:30:47]} 5... b5 {[%clk 1:27:52]} 6.
Bb3 {[%clk 1:30:46]} 6... Bc5 {[%clk 1:23:58]} 7. O-O {[%clk 1:25:35]} 7... d6
{[%clk 1:23:30]} 8. Bd5 {[%clk 1:22:58]} 8... Nxd5 {[%clk 1:21:45]} 9. Nxd5 {
[%clk 1:22:51]} 9... O-O {[%clk 1:21:17]} 10. d3 {[%clk 1:22:47]} 10... h6 {
[%clk 1:14:48]} 11. Bd2 {[%clk 1:21:40]} 11... f5 {[%clk 1:14:11]} 12. Qc1 {
[%clk 1:19:46]} 12... fxe4 {[%clk 0:59:26]} 13. dxe4 {[%clk 1:16:34]} 13... Bg4
{[%clk 0:58:01]} 14. Kh1 {[%clk 1:12:47]} 14... Rxf3 {[%clk 0:54:28]} 15. Bxh6
{[%clk 0:47:14]} 15... Rf7 {[%clk 0:47:06]} 16. Bg5 {[%clk 0:37:45]} 16... Qd7
{[%clk 0:43:50]} 17. f4 {[%clk 0:31:13]} 17... exf4 {[%clk 0:42:45]} 18. Rxf4 {
[%clk 0:30:10]} 18... Rxf4 {[%clk 0:42:03]} 19. Qxf4 {[%clk 0:30:15]} 19... Rf8
{[%clk 0:40:04]} 20. Qg3 {[%clk 0:23:26]} 20... Bf2 {[%clk 0:35:56]} 21. Qc3 {
[%clk 0:22:31]} 21... Bd4 {[%clk 0:33:22]} 22. Qxc6 {[%clk 0:21:27]} 22... Qxc6
{[%clk 0:27:53]} 23. Ne7+ {[%clk 0:21:35]} 23... Kh7 {[%clk 0:26:34]} 24. Nxc6
{[%clk 0:21:46]} 24... Bxb2 {[%clk 0:25:44]} 25. Rb1 {[%clk 0:19:16]} 25... Bc3
{[%clk 0:25:17]} 26. Rb3 {[%clk 0:17:33]} 26... Rf1# 0-1

[Event "DVM U16 2020"]
[Site "Willingen GER"]
[Date "2021.06.24"]
[Round "2"]
[White "Frank, Marek"]
[Black "Wildner, Mateo"]
[Result "1-0"]
[Termination "normal"]
[Board "4.4"]
[WhiteElo "1439"]
[BlackElo "1176"]
[WhiteClock "00:29:22"]
[BlackClock "00:30:21"]
[WhiteTeam "ESV Gera"]
[BlackTeam "Erfurter Schachklub"]
[PlyCount "85"]
[WhiteFideId "16239520"]
[BlackFideId "34605991"]
[EventCountry "GER"]
[EventRounds "7"]
[EventType "team-swiss"]
[EventDate "2021.06.23"]

1. e4 {[%clk 1:30:55]} 1... c5 {[%clk 1:30:57]} 2. Nf3 {[%clk 1:31:11]} 2... d6
{[%clk 1:31:13]} 3. d4 {[%clk 1:31:29]} 3... cxd4 {[%clk 1:31:34]} 4. Nxd4 {
[%clk 1:31:36]} 4... Nf6 {[%clk 1:31:52]} 5. Nc3 {[%clk 1:31:36]} 5... a6 {
[%clk 1:32:12]} 6. f3 {[%clk 1:30:39]} 6... e5 {[%clk 1:32:17]} 7. Nb3 { [%clk
1:31:01]} 7... Be6 {[%clk 1:32:04]} 8. Be3 {[%clk 1:29:50]} 8... Be7 { [%clk
1:31:50]} 9. Qd2 {[%clk 1:26:54]} 9... O-O {[%clk 1:30:23]} 10. O-O-O { [%clk
1:24:59]} 10... Nbd7 {[%clk 1:26:06]} 11. g4 {[%clk 1:23:52]} 11... b5 { [%clk
1:23:02]} 12. g5 {[%clk 1:22:51]} 12... Nh5 {[%clk 1:21:10]} 13. Rg1 { [%clk
1:19:34]} 13... b4 {[%clk 1:16:01]} 14. Nd5 {[%clk 1:19:25]} 14... a5 { [%clk
1:15:57]} 15. Nxe7+ {[%clk 1:14:47]} 15... Qxe7 {[%clk 1:16:08]} 16. Qxd6
{[%clk 1:14:49]} 16... Qxd6 17. Rxd6 17... a4 {[%clk 1:15:17]} 18. Nd2 { [%clk
1:11:49]} 18... Rfc8 {[%clk 1:13:55]} 19. Kb1 {[%clk 1:08:48]} 19... Kf8 {[%clk
1:08:54]} 20. Bb5 {[%clk 1:04:34]} 20... Ke7 {[%clk 1:07:34]} 21. Rc6 { [%clk
1:03:12]} 21... Rcb8 {[%clk 1:02:30]} 22. Bc4 {[%clk 1:01:07]} 22... Rc8 {[%clk
0:59:30]} 23. Rxc8 {[%clk 0:57:37]} 23... Rxc8 {[%clk 0:59:58]} 24. Bxe6 {[%clk
0:57:57]} 24... Kxe6 {[%clk 1:00:21]} 25. b3 {[%clk 0:55:35]} 25... axb3 {[%clk
1:00:07]} 26. axb3 {[%clk 0:55:02]} 26... Rc3 {[%clk 0:53:57]} 27. Nc4 { [%clk
0:53:06]} 27... Nb8 {[%clk 0:41:49]} 28. Rf1 {[%clk 0:51:13]} 28... Nc6 { [%clk
0:41:18]} 29. Bd2 {[%clk 0:50:31]} 29... Nd4 {[%clk 0:41:00]} 30. Bxc3 { [%clk
0:50:22]} 30... bxc3 {[%clk 0:41:24]} 31. Ne3 {[%clk 0:49:07]} 31... Nf4 {[%clk
0:41:07]} 32. h4 {[%clk 0:47:51]} 32... g6 {[%clk 0:40:50]} 33. Ka2 { [%clk
0:41:40]} 33... Nc6 {[%clk 0:38:15]} 34. Ka3 {[%clk 0:40:12]} 34... Ne2 { [%clk
0:35:00]} 35. b4 {[%clk 0:37:08]} 35... Ned4 {[%clk 0:34:08]} 36. Rf2 { [%clk
0:36:31]} 36... Kd6 {[%clk 0:33:24]} 37. Nd5 {[%clk 0:35:32]} 37... Ne7 { [%clk
0:31:23]} 38. Nxc3 {[%clk 0:34:28]} 38... Kc6 {[%clk 0:31:28]} 39. Kb2 { [%clk
0:31:15]} 39... Nb5 {[%clk 0:31:18]} 40. f4 {[%clk 0:29:24]} 40... Nxc3 { [%clk
0:30:23]} 41. Kxc3 {[%clk 0:29:41]} 41... Kd6 {[%clk 0:30:07]} 42. fxe5+ {[%clk
0:29:22]} 42... Ke6 {[%clk 0:30:21]} 43. Rf6+ 1-0

[Event "DVM U16 2020"]
[Site "Willingen GER"]
[Date "2021.06.24"]
[Round "2"]
[White "Mooser, Nicolas"]
[Black "Fromm, Marius"]
[Result "0-1"]
[Termination "normal"]
[Board "5.1"]
[WhiteElo "2148"]
[BlackElo "2297"]
[WhiteClock "00:01:56"]
[BlackClock "01:18:43"]
[WhiteTeam "FC Ergolding 1932 e.V."]
[BlackTeam "Greifswalder SV"]
[PlyCount "82"]
[WhiteFideId "12979406"]
[BlackFideId "12993190"]
[EventCountry "GER"]
[EventRounds "7"]
[EventType "team-swiss"]
[EventDate "2021.06.23"]

1. d4 {[%clk 1:30:56]} 1... Nf6 {[%clk 1:30:52]} 2. c4 {[%clk 1:31:17]} 2... e6
{[%clk 1:31:16]} 3. g3 {[%clk 1:31:28]} 3... c5 {[%clk 1:31:42]} 4. d5 { [%clk
1:30:33]} 4... exd5 {[%clk 1:32:07]} 5. cxd5 {[%clk 1:30:59]} 5... d6 { [%clk
1:32:31]} 6. Nc3 {[%clk 1:30:11]} 6... g6 {[%clk 1:32:56]} 7. Bg2 { [%clk
1:29:41]} 7... Bg7 {[%clk 1:33:17]} 8. Nf3 {[%clk 1:29:54]} 8... O-O { [%clk
1:33:41]} 9. O-O {[%clk 1:30:04]} 9... Re8 {[%clk 1:34:04]} 10. Nd2 { [%clk
1:26:44]} 10... Nbd7 {[%clk 1:34:28]} 11. Nc4 {[%clk 1:25:41]} 11... Ne5 {[%clk
1:34:41]} 12. Nxe5 {[%clk 1:23:08]} 12... Rxe5 {[%clk 1:35:07]} 13. Bf4 {[%clk
1:16:31]} 13... Re8 {[%clk 1:35:33]} 14. h3 {[%clk 1:15:29]} 14... a6 { [%clk
1:34:07]} 15. a4 {[%clk 1:12:24]} 15... Rb8 {[%clk 1:32:43]} 16. a5 { [%clk
1:00:57]} 16... b5 {[%clk 1:32:44]} 17. axb6 {[%clk 1:00:29]} 17... Qxb6 {[%clk
1:31:00]} 18. Na4 {[%clk 0:55:43]} 18... Qc7 {[%clk 1:30:36]} 19. Rc1 { [%clk
0:52:06]} 19... Nd7 {[%clk 1:30:05]} 20. Qd2 {[%clk 0:48:10]} 20... a5 { [%clk
1:27:50]} 21. h4 {[%clk 0:40:51]} 21... Ba6 {[%clk 1:26:51]} 22. Rfe1 { [%clk
0:39:25]} 22... Ne5 {[%clk 1:26:43]} 23. Bxe5 {[%clk 0:37:49]} 23... Bxe5
{[%clk 1:26:45]} 24. Bf3 {[%clk 0:32:14]} 24... Rb4 {[%clk 1:26:09]} 25. Nc3 {
[%clk 0:31:06]} 25... Reb8 {[%clk 1:25:24]} 26. Rc2 {[%clk 0:29:12]} 26... Bc8
{[%clk 1:24:07]} 27. h5 {[%clk 0:27:09]} 27... Qb6 {[%clk 1:21:19]} 28. hxg6 {
[%clk 0:26:48]} 28... hxg6 {[%clk 1:21:44]} 29. Rb1 {[%clk 0:19:01]} 29... Bf5
{[%clk 1:20:55]} 30. e4 {[%clk 0:18:19]} 30... Bd7 {[%clk 1:21:22]} 31. Kg2 {
[%clk 0:16:17]} 31... a4 {[%clk 1:20:40]} 32. Ra1 {[%clk 0:13:43]} 32... Kg7 {
[%clk 1:19:39]} 33. Be2 {[%clk 0:06:37]} 33... Qd8 {[%clk 1:18:38]} 34. Rh1 {
[%clk 0:06:14]} 34... Qf6 {[%clk 1:18:45]} 35. Qh6+ {[%clk 0:04:12]} 35... Kg8
{[%clk 1:19:12]} 36. f4 {[%clk 0:04:10]} 36... Bd4 {[%clk 1:18:23]} 37. e5 {
[%clk 0:01:53]} 37... Qg7 {[%clk 1:18:48]} 38. Qh4 {[%clk 0:02:05]} 38... Bf5 {
[%clk 1:18:37]} 39. Rcc1 {[%clk 0:02:02]} 39... Rxb2 {[%clk 1:18:52]} 40. g4 {
[%clk 0:01:42]} 40... Be4+ {[%clk 1:18:17]} 41. Nxe4 {[%clk 0:01:56]} 41...
Rxe2+ {[%clk 1:18:43]} 0-1

[Event "DVM U16 2020"]
[Site "Willingen GER"]
[Date "2021.06.24"]
[Round "2"]
[White "Troyke, Jannis"]
[Black "Lohr, Maximilian"]
[Result "0-1"]
[Termination "normal"]
[Board "5.2"]
[WhiteElo "1911"]
[BlackElo "2024"]
[WhiteClock "00:12:24"]
[BlackClock "01:02:40"]
[WhiteTeam "Greifswalder SV"]
[BlackTeam "FC Ergolding 1932 e.V."]
[PlyCount "52"]
[WhiteFideId "12993115"]
[BlackFideId "12999717"]
[EventCountry "GER"]
[EventRounds "7"]
[EventType "team-swiss"]
[EventDate "2021.06.23"]

1. e4 {[%clk 1:30:57]} 1... c5 {[%clk 1:30:55]} 2. Nf3 {[%clk 1:31:23]} 2... d6
{[%clk 1:31:19]} 3. d4 {[%clk 1:31:50]} 3... cxd4 {[%clk 1:31:44]} 4. Nxd4 {
[%clk 1:32:16]} 4... Nf6 {[%clk 1:32:09]} 5. Nc3 {[%clk 1:32:40]} 5... a6 {
[%clk 1:32:36]} 6. h3 {[%clk 1:33:05]} 6... e6 {[%clk 1:33:00]} 7. g4 { [%clk
1:33:22]} 7... Nfd7 {[%clk 1:33:21]} 8. Bg2 {[%clk 1:33:39]} 8... Be7 { [%clk
1:33:40]} 9. O-O {[%clk 1:32:57]} 9... Nc6 {[%clk 1:32:50]} 10. Be3 { [%clk
1:31:53]} 10... O-O {[%clk 1:31:17]} 11. Qe2 {[%clk 1:01:16]} 11... Nxd4 {[%clk
1:20:33]} 12. Bxd4 {[%clk 1:01:40]} 12... b5 {[%clk 1:20:58]} 13. f4 { [%clk
0:47:08]} 13... Bb7 {[%clk 1:17:39]} 14. Rad1 {[%clk 0:38:24]} 14... b4 { [%clk
1:11:58]} 15. Na4 {[%clk 0:35:36]} 15... Bc6 {[%clk 1:11:50]} 16. b3 { [%clk
0:35:32]} 16... Bb5 {[%clk 1:12:10]} 17. Qf2 {[%clk 0:34:58]} 17... Bxf1 {[%clk
1:11:50]} 18. Bxf1 {[%clk 0:34:40]} 18... Qc7 {[%clk 1:09:57]} 19. c4 { [%clk
0:26:52]} 19... Nc5 {[%clk 1:09:33]} 20. Nxc5 {[%clk 0:18:58]} 20... dxc5
{[%clk 1:09:55]} 21. Be5 {[%clk 0:19:14]} 21... Qc6 {[%clk 1:09:52]} 22. Bg2 {
[%clk 0:19:22]} 22... Rad8 {[%clk 1:10:11]} 23. Ra1 {[%clk 0:14:49]} 23... Qd7
{[%clk 1:08:10]} 24. f5 {[%clk 0:14:35]} 24... Qd2 {[%clk 1:06:22]} 25. Qf1 {
[%clk 0:14:21]} 25... Bg5 {[%clk 1:04:44]} 26. Bg3 {[%clk 0:12:24]} 26... Qd3 {
[%clk 1:02:40]} 0-1

[Event "DVM U16 2020"]
[Site "Willingen GER"]
[Date "2021.06.24"]
[Round "2"]
[White "Astner, Sebastian"]
[Black "Kallweit, Paul"]
[Result "0-1"]
[Termination "normal"]
[Board "5.3"]
[WhiteElo "1894"]
[BlackElo "1832"]
[WhiteClock "00:03:45"]
[BlackClock "00:02:13"]
[WhiteTeam "FC Ergolding 1932 e.V."]
[BlackTeam "Greifswalder SV"]
[PlyCount "77"]
[WhiteFideId "12979422"]
[BlackFideId "16228081"]
[EventCountry "GER"]
[EventRounds "7"]
[EventType "team-swiss"]
[EventDate "2021.06.23"]

1. e4 {[%clk 1:30:58]} 1... c5 {[%clk 1:30:49]} 2. f4 {[%clk 1:31:21]} 2... e6
{[%clk 1:31:11]} 3. Nf3 {[%clk 1:31:42]} 3... Nc6 {[%clk 1:30:16]} 4. Nc3 {
[%clk 1:31:36]} 4... d5 {[%clk 1:30:25]} 5. Bb5 {[%clk 1:31:27]} 5... Nge7 {
[%clk 1:27:20]} 6. d3 {[%clk 1:28:07]} 6... a6 {[%clk 1:26:56]} 7. Bxc6+ {
[%clk 1:28:32]} 7... Nxc6 {[%clk 1:27:17]} 8. O-O {[%clk 1:27:53]} 8... Be7 {
[%clk 1:27:23]} 9. a3 {[%clk 1:27:33]} 9... O-O {[%clk 1:27:23]} 10. Qe1 {
[%clk 1:27:19]} 10... b5 {[%clk 1:20:21]} 11. Qg3 {[%clk 1:25:41]} 11... Bb7 {
[%clk 1:11:52]} 12. f5 {[%clk 1:23:06]} 12... Kh8 {[%clk 1:02:23]} 13. Bf4 {
[%clk 1:11:21]} 13... b4 {[%clk 0:39:41]} 14. Ne2 {[%clk 1:10:42]} 14... bxa3 {
[%clk 0:35:58]} 15. bxa3 {[%clk 1:10:13]} 15... dxe4 {[%clk 0:34:12]} 16. dxe4
{[%clk 1:10:36]} 16... Nd4 {[%clk 0:33:28]} 17. Nfxd4 {[%clk 0:51:25]} 17...
cxd4 {[%clk 0:33:31]} 18. fxe6 {[%clk 0:50:59]} 18... fxe6 {[%clk 0:20:19]} 19.
Be5 {[%clk 0:49:43]} 19... Bf6 {[%clk 0:20:39]} 20. Bxf6 {[%clk 0:47:47]} 20...
gxf6 {[%clk 0:20:41]} 21. Nf4 {[%clk 0:44:31]} 21... Qe7 {[%clk 0:20:26]} 22.
Rae1 {[%clk 0:42:39]} 22... e5 {[%clk 0:18:56]} 23. Nh5 {[%clk 0:41:17]} 23...
Rf7 {[%clk 0:12:01]} 24. Rf3 {[%clk 0:26:13]} 24... Raf8 {[%clk 0:10:05]} 25.
Qh4 {[%clk 0:24:36]} 25... Qc5 {[%clk 0:06:16]} 26. Qf2 {[%clk 0:17:52]} 26...
f5 {[%clk 0:05:22]} 27. Rxf5 {[%clk 0:16:58]} 27... Rxf5 {[%clk 0:05:17]} 28.
exf5 {[%clk 0:17:23]} 28... e4 {[%clk 0:05:02]} 29. Ng3 {[%clk 0:17:13]} 29...
e3 {[%clk 0:04:33]} 30. Qf4 {[%clk 0:16:43]} 30... Bc8 {[%clk 0:02:31]} 31. Rd1
{[%clk 0:14:58]} 31... d3 {[%clk 0:00:40]} 32. Kh1 {[%clk 0:13:00]} 32... e2 {
[%clk 0:00:50]} 33. Re1 {[%clk 0:13:22]} 33... Bxf5 {[%clk 0:00:45]} 34. cxd3 {
[%clk 0:02:05]} 34... Bxd3 {[%clk 0:01:12]} 35. Qc1 {[%clk 0:02:23]} 35... Qxc1
{[%clk 0:01:14]} 36. Rxc1 {[%clk 0:02:52]} 36... Rf1+ {[%clk 0:01:31]} 37. Nxf1
{[%clk 0:03:19]} 37... exf1=Q+ {[%clk 0:01:52]} 38. Rxf1 {[%clk 0:03:45]} 38...
Bxf1 {[%clk 0:02:13]} 39. g4 0-1

[Event "DVM U16 2020"]
[Site "Willingen GER"]
[Date "2021.06.24"]
[Round "2"]
[White "Khanbekyan, Areg"]
[Black "Sowka, Patrick"]
[Result "0-1"]
[Termination "normal"]
[Board "5.4"]
[WhiteElo "1576"]
[BlackElo "1616"]
[WhiteClock "00:29:48"]
[BlackClock "00:11:56"]
[WhiteTeam "Greifswalder SV"]
[BlackTeam "FC Ergolding 1932 e.V."]
[PlyCount "114"]
[WhiteFideId "12993727"]
[BlackFideId "16234944"]
[EventCountry "GER"]
[EventRounds "7"]
[EventType "team-swiss"]
[EventDate "2021.06.23"]

1. e4 {[%clk 1:30:55]} 1... e5 {[%clk 1:30:49]} 2. Nf3 {[%clk 1:31:09]} 2...
Nc6 {[%clk 1:31:11]} 3. Bb5 {[%clk 1:29:37]} 3... Bc5 {[%clk 1:30:18]} 4. O-O {
[%clk 1:29:30]} 4... d6 {[%clk 1:30:05]} 5. c3 {[%clk 1:29:48]} 5... a6 { [%clk
1:28:00]} 6. Ba4 {[%clk 1:29:35]} 6... b5 {[%clk 1:27:41]} 7. Bc2 { [%clk
1:29:53]} 7... Bb7 {[%clk 1:24:54]} 8. d3 {[%clk 1:27:35]} 8... Nf6 { [%clk
1:20:01]} 9. Nbd2 {[%clk 1:22:52]} 9... O-O {[%clk 1:18:39]} 10. h3 { [%clk
1:19:19]} 10... d5 {[%clk 1:11:38]} 11. exd5 {[%clk 1:07:57]} 11... Qxd5 {[%clk
1:11:50]} 12. Re1 {[%clk 1:07:12]} 12... Rae8 {[%clk 0:56:04]} 13. Nf1 { [%clk
1:05:44]} 13... e4 {[%clk 0:46:02]} 14. dxe4 {[%clk 0:57:23]} 14... Qxd1 {[%clk
0:45:11]} 15. Rxd1 {[%clk 0:57:41]} 15... Nxe4 {[%clk 0:45:26]} 16. Be3 {[%clk
0:57:43]} 16... Bd6 {[%clk 0:41:45]} 17. N1d2 {[%clk 0:50:32]} 17... Nb8 {[%clk
0:30:08]} 18. Bxe4 {[%clk 0:48:57]} 18... Bxe4 {[%clk 0:28:58]} 19. Nxe4 {[%clk
0:49:22]} 19... Rxe4 {[%clk 0:29:01]} 20. Nd4 {[%clk 0:47:06]} 20... g6 {[%clk
0:25:58]} 21. Rd2 {[%clk 0:39:58]} 21... Rfe8 {[%clk 0:19:41]} 22. b4 { [%clk
0:27:16]} 22... f5 {[%clk 0:14:43]} 23. Rdd1 {[%clk 0:23:08]} 23... Nd7 { [%clk
0:08:58]} 24. a4 {[%clk 0:23:10]} 24... bxa4 {[%clk 0:08:12]} 25. Rxa4 { [%clk
0:23:34]} 25... Nb6 {[%clk 0:08:35]} 26. Rxa6 {[%clk 0:20:37]} 26... Nc4 {[%clk
0:08:51]} 27. Nb5 {[%clk 0:16:12]} 27... Nxe3 {[%clk 0:08:28]} 28. fxe3 {[%clk
0:16:37]} 28... Bg3 {[%clk 0:08:46]} 29. Raa1 {[%clk 0:12:29]} 29... Rxe3
{[%clk 0:07:10]} 30. Kf1 {[%clk 0:12:19]} 30... c6 {[%clk 0:05:45]} 31. Nd6
{[%clk 0:10:10]} 31... Rd8 {[%clk 0:02:43]} 32. Nc4 {[%clk 0:09:26]} 32...
Rxd1+ {[%clk 0:02:54]} 33. Rxd1 {[%clk 0:09:55]} 33... Rxc3 {[%clk 0:03:00]}
34. Rd4 {[%clk 0:09:34]} 34... Rc2 {[%clk 0:01:58]} 35. Na5 {[%clk 0:08:08]}
35... c5 {[%clk 0:01:17]} 36. bxc5 {[%clk 0:06:21]} 36... Rf2+ {[%clk 0:01:17]}
37. Kg1 {[%clk 0:05:34]} 37... Ra2 {[%clk 0:01:39]} 38. Nb3 {[%clk 0:05:55]}
38... Bf2+ {[%clk 0:02:03]} 39. Kh2 {[%clk 0:05:41]} 39... Bxd4 {[%clk 0:02:23]
} 40. Nxd4 {[%clk 0:06:10]} 40... Rd2 {[%clk 0:02:09]} 41. Nb3 {[%clk 0:03:39]}
41... Rd3 {[%clk 0:01:32]} 42. Na5 {[%clk 0:02:02]} 42... Rc3 {[%clk 0:28:40]}
43. Nb7 {[%clk 0:31:53]} 43... Kf8 {[%clk 0:27:58]} 44. Nd8 {[%clk 0:29:30]}
44... Ke7 {[%clk 0:26:37]} 45. Nc6+ {[%clk 0:29:05]} 45... Kd7 {[%clk 0:26:22]}
46. Ne5+ {[%clk 0:29:05]} 46... Ke6 {[%clk 0:26:42]} 47. Nf3 {[%clk 0:29:22]}
47... Kf6 {[%clk 0:24:43]} 48. Kg3 {[%clk 0:29:26]} 48... Rxc5 {[%clk 0:23:58]}
49. Kh4 {[%clk 0:29:15]} 49... Rc4+ {[%clk 0:23:18]} 50. g4 {[%clk 0:29:20]}
50... f4 {[%clk 0:15:44]} 51. Nd2 {[%clk 0:28:45]} 51... Rd4 {[%clk 0:12:38]}
52. Nf3 {[%clk 0:28:18]} 52... Rd3 {[%clk 0:11:40]} 53. Ng5 {[%clk 0:28:20]}
53... f3 {[%clk 0:10:56]} 54. Ne4+ {[%clk 0:28:34]} 54... Ke5 {[%clk 0:11:05]}
55. Nf2 {[%clk 0:28:58]} 55... Rd2 {[%clk 0:11:16]} 56. Kg3 {[%clk 0:29:24]}
56... Rxf2 {[%clk 0:11:32]} 57. Kxf2 {[%clk 0:29:48]} 57... Kf4 {[%clk 0:11:56]
} 0-1

[Event "DVM U16 2020"]
[Site "Willingen GER"]
[Date "2021.06.24"]
[Round "2"]
[White "Burgtorf, Benjamin"]
[Black "Hassemeier, Mika"]
[Result "0-1"]
[Termination "normal"]
[Board "6.1"]
[WhiteElo "1773"]
[BlackElo "2072"]
[WhiteClock "00:30:30"]
[BlackClock "00:01:26"]
[WhiteTeam "SchVgg Blankenese von 1923 e.V."]
[BlackTeam "FVS ASP Hoyerswerda"]
[PlyCount "76"]
[WhiteFideId "16242920"]
[BlackFideId "12994880"]
[EventCountry "GER"]
[EventRounds "7"]
[EventType "team-swiss"]
[EventDate "2021.06.23"]

1. d4 {[%clk 1:30:49]} 1... Nf6 {[%clk 1:30:52]} 2. c4 {[%clk 1:31:11]} 2... e6
{[%clk 1:31:17]} 3. Nc3 {[%clk 1:31:34]} 3... Bb4 {[%clk 1:31:36]} 4. Qc2 {
[%clk 1:30:43]} 4... c5 {[%clk 1:31:33]} 5. dxc5 {[%clk 1:29:38]} 5... Na6 {
[%clk 1:31:53]} 6. a3 {[%clk 1:29:10]} 6... Bxc3+ {[%clk 1:31:57]} 7. Qxc3 {
[%clk 1:29:30]} 7... Nxc5 {[%clk 1:32:03]} 8. f3 {[%clk 1:24:42]} 8... d6 {
[%clk 1:16:53]} 9. Bg5 {[%clk 1:20:08]} 9... b6 {[%clk 1:09:09]} 10. Rd1 {
[%clk 1:15:20]} 10... Qe7 {[%clk 1:02:19]} 11. Qd4 {[%clk 1:10:21]} 11... Nb7 {
[%clk 0:56:18]} 12. e4 {[%clk 1:02:08]} 12... e5 {[%clk 0:55:14]} 13. Qe3 {
[%clk 0:51:31]} 13... Be6 {[%clk 0:51:51]} 14. Bd3 {[%clk 0:48:28]} 14... Na5 {
[%clk 0:47:34]} 15. Ne2 {[%clk 0:36:29]} 15... Nxc4 {[%clk 0:44:19]} 16. Bxc4 {
[%clk 0:36:29]} 16... Bxc4 {[%clk 0:44:32]} 17. O-O {[%clk 0:36:06]} 17... O-O
{[%clk 0:35:06]} 18. f4 {[%clk 0:32:46]} 18... Bxe2 {[%clk 0:28:40]} 19. Qxe2 {
[%clk 0:26:46]} 19... exf4 {[%clk 0:21:16]} 20. Bxf4 {[%clk 0:19:54]} 20...
Qxe4 {[%clk 0:15:04]} 21. Qxe4 {[%clk 0:18:39]} 21... Nxe4 {[%clk 0:15:10]} 22.
Bxd6 {[%clk 0:19:00]} 22... Rfe8 {[%clk 0:14:57]} 23. Bf4 {[%clk 0:11:12]}
23... Re7 {[%clk 0:10:20]} 24. a4 {[%clk 0:09:25]} 24... g6 {[%clk 0:08:02]}
25. Rd5 {[%clk 0:08:11]} 25... Rc8 {[%clk 0:04:02]} 26. Be5 {[%clk 0:07:04]}
26... f5 {[%clk 0:04:20]} 27. h3 {[%clk 0:06:04]} 27... Rc5 {[%clk 0:03:54]}
28. Rd8+ {[%clk 0:05:18]} 28... Kf7 {[%clk 0:04:17]} 29. Bd4 {[%clk 0:04:48]}
29... Rc2 {[%clk 0:02:49]} 30. Ra1 {[%clk 0:04:19]} 30... Ng3 {[%clk 0:02:50]}
31. Bf2 {[%clk 0:03:55]} 31... Ne2+ {[%clk 0:01:35]} 32. Kh1 {[%clk 0:01:18]}
32... Rxb2 {[%clk 0:01:27]} 33. a5 {[%clk 0:00:47]} 33... bxa5 {[%clk 0:01:02]}
34. Rxa5 {[%clk 0:00:32]} 34... Nf4 {[%clk 0:01:00]} 35. Bxa7 {[%clk 0:00:35]}
35... Re1+ {[%clk 0:01:21]} 36. Bg1 {[%clk 0:00:51]} 36... Rbb1 {[%clk 0:01:09]
} 37. Ra7+ {[%clk 0:00:55]} 37... Kf6 {[%clk 0:01:26]} 38. Rf8+ {[%clk 0:30:30]
} 38... Ke5 {Zeitueberschreitung} 0-1